| 000 | 01003aam a2200253 4500 | ||
|---|---|---|---|
| 999 |
_c31712 _d31712 |
||
| 001 | 175 | ||
| 003 | CO-MdFUSB | ||
| 005 | 20180927130459.0 | ||
| 008 | 160601t19881990sp f |||| 00| 0 spa d | ||
| 020 | _a84-7645-255-1 | ||
| 040 |
_aCO-MdFUSB _bEspañol _cCO-MdFUSB _dCO-MdFUSB _erda |
||
| 041 | 0 | _aspa | |
| 082 | 0 | 4 |
_a225.4 _223 _bR6491i |
| 100 | 1 |
_aRobertson, Archibald Thomas _eautor |
|
| 245 | 0 | 0 |
_aImágenes verbales en el Nuevo Testamento _c / Archibald Thomas Robertson, Adaptada y anotada al castellano por Santiago Escuain |
| 264 | 1 |
_aBarcelona, España: _bCLIE, _c[1988-1990] |
|
| 300 |
_aVolumen 1- Volumen 6 ; _c23 cm |
||
| 336 |
_2rdacontent _atexto _btxt |
||
| 337 |
_2rdamedia _asin mediación _bn |
||
| 338 |
_2rdacarrier _avolumen _bnc |
||
| 505 | 0 | 0 | _aVol. 1 : Mateo y Marcos, Vol. 2 : Lucas; Vol. 3 : Hechos de los apóstoles; Vol. 4 : Las Epístolas de Pablo; Vol. 5 : Juan y Hebreos; Vol. 6 : Epístolas Universales y Apocalipsis. |
| 630 | 0 | 7 |
_aBiblia. _pNuevo Testamento |
| 942 | _cBK | ||